| 000 | 00721cam a22002537a 4500 | ||
|---|---|---|---|
| 003 | CHAP | ||
| 005 | 20220329140545.0 | ||
| 008 | 971013s1964 r 00010 d | ||
| 010 | _a53892 | ||
| 011 | _a54864 | ||
| 035 | _a59016 | ||
| 040 | _cCHAP | ||
| 082 |
_a327.73 _bR8 |
||
| 100 | 0 | 0 |
_aRusk, Dean. _9100941 |
| 245 | 1 | 4 | _aLos vientos de la libertad |
| 260 |
_aMéxico, D. F. : _bLibreria Mexicanos Unidos, _c1964 |
||
| 300 | _a478 p. | ||
| 590 |
_aBATCH-UPD _b10 _c20130110 _lUCH01 _h0526 |
||
| 590 |
_aCONVERSION _b10 _c20130109 _lUCH01 _h1329 |
||
| 650 | 1 | 4 |
_aE.U.A. _xRelaciones exteriores. _934846 |
| 901 | _aBK | ||
| 942 | _cLIBRO | ||
| 949 |
_a327.73 R8 _bBC _cLIBRO _d33724000299780 _eLIBRO _fc.2 _h51732 _i59016 _si |
||
| 999 |
_c53892 _d53892 |
||